The decline and fall of the Roman Empire; Vol.6
محفوظ في:
| المؤلف الرئيسي: | |
|---|---|
| التنسيق: | كتاب |
| اللغة: | Undetermined |
| منشور في: |
London
Everyman's Library
1994
|
| الموضوعات: | |
| الوسوم: |
إضافة وسم
لا توجد وسوم, كن أول من يضع وسما على هذه التسجيلة!
|
| Thư viện lưu trữ: | Trung tâm Học liệu Trường Đại học Cần Thơ |
|---|
| LEADER | 00540nam a2200181Ia 4500 | ||
|---|---|---|---|
| 001 | CTU_35981 | ||
| 008 | 210402s9999 xx 000 0 und d | ||
| 082 | |a 823.6 | ||
| 082 | |b G441/Vol.6 | ||
| 100 | |a Edward Gibbon | ||
| 245 | 4 | |a The decline and fall of the Roman Empire; Vol.6 | |
| 245 | 0 | |c Edward Gibbon | |
| 260 | |a London | ||
| 260 | |b Everyman's Library | ||
| 260 | |c 1994 | ||
| 650 | |a english literature - 18th century,rome ( italy ) - history | ||
| 904 | |i Minh, 000405 | ||
| 980 | |a Trung tâm Học liệu Trường Đại học Cần Thơ | ||